El poder en escenas : de la representación del poder al poder de la representación /

Guardado en:
Autor Principal: Balandier, Georges
Formato: Libro
Publicado: Barcelona : Paidós, 1994
Series:Paidós Studio ; 106
Materias:
Etiquetas: Agregar Etiqueta
Sin Etiquetas, Sea el primero en etiquetar este registro!
LEADER 00662nam a22002295a 4500
001 CEM.cems014739
008 130507s1994##################000#0#####d
005 20210805162122.0
003 CEMS
245 1 0 |a El poder en escenas :  |b de la representación del poder al poder de la representación /  |c Georges Balandier 
260 |a Barcelona :  |b Paidós,  |c 1994 
300 |a 187 p. 
490 0 |a Paidós Studio ; 106 
590 |a 1321.016 
020 |a 8475099971 
100 1 |a Balandier, Georges 
653 |a Educación 
653 |a Poder 
653 |a Historia 
653 |a Política 
653 |a Biblioteca TC 
859 |a CEMS  |b BIB. CEMS - 11 de abril  |h TC  |p 1321.016  |t Ej.1